000 00333nam a22001337a 4500
999 _c13968
_d13968
020 _a9780070603486
082 _a658.56
100 _aDonlad R. Lehmann ; Russell S. Winer
245 _aProduct Management
250 _aFourth Edition
260 _aNew Delhi
_bTATA McGraw Hill Publishing
_c2005
300 _a494 pages
942 _cBK